| 000 | 00445nam a2200181 a 4500 | ||
|---|---|---|---|
| 001 | 33377 | ||
| 005 | 20180714001257.0 | ||
| 008 | 140415s1965 000 0 spa d | ||
| 041 | _aspa | ||
| 082 |
_a860 _bIRI |
||
| 100 | 1 | _aIRIARTE, TOMAS DE | |
| 245 | 1 | 0 | _aFABULAS LITERARIAS |
| 250 | _a3a ed. | ||
| 260 |
_a[s.l.] : _bESPASA-CALPE, _c1965 |
||
| 300 | _a161 | ||
| 490 |
_aAUSTRAL _v1247 |
||
| 650 | 1 | 4 |
_aFABULAS _xLITERATURA |
| 999 |
_c33377 _d33377 |
||